000 00373nam a2200133Ia 4500
005 20260328104253.0
008 260328s9999||||xx |||||||||||||| ||und||
100 _aWright, Frank Lloyd
245 4 _aThe Story of the Tower :
_b The tree that escaped the crowded forest /
_cFrank Lloyd Wright
260 _bHorizon
300 _a133 p.
650 _aARQUITECTOS
942 _cBK
999 _c10326
_d10326